000 01052nam a2200301 i 4500
003 EG-GICUC
005 20260309123259.0
008 260309s1965 fr |||fr|||| 00| 0 fre d
040 _a EG-GICUC
_bfre
_c EG-GICUC
_d EG-GICUC
_erda
041 0 _aFre
082 0 4 _221
_a343
_bAS
092 0 4 _221
099 _aLaw1 10 343 AS 1965
245 0 0 _aAssociation Internationale De Droit Penal.
_nActes Du Viijeme Congrès International De Droit Pénal,
_p21 - 27. September 1962.
264 1 _aParis :
_bLibrairie du Recueil Sirey,
_c1965.
300 _a734 pages;
_c24 cm.
_bإيضاحيات، صور، مثيليات ؛
336 _2rda content
_atext
337 _2rda media
_aComputer
338 _2rda carrier
_aOnline Resource
504 _a. 240-220 ببليوجرافيا: صفحات.
546 _aالنص باللغة الفرنسية
650 1 _2qrmak
_aDroit pénal
650 1 _2qrmak
_aCriminologie
651 1 _2qrmak
856 4 0 _uhttps://fll.law.cu.edu.eg/fulltext/conf/B10-08256.pdf
905 _a54
942 _2ddc
_cBK
_e21
_n0
999 _c65908
_d65908